00603nam a2200193Ia 4500008004100000020001800041082001500059100002300074245001800097250000800115260003700123300002400160500001900184600003300203650001600236942000700252952013300259999001700392240925s9999 xx 000 0 und d a9788120342804 a517.52 FIT aFitzpatrick, P.M. 0aReal Analysis a4th aNew Delhi:bPHI Learningc,2010. a384p.bNAfOriginal aIncludes Index aHumanities & Natural Science aMathematics cBK 001040708HUMaUITUbUITUd2018-12-26eBismillah BookDepotg990.00l0o517.52 FITpQ12752r2024-09-25 07:16:36w2024-09-25yBK c15251d15251